Sustainable agriculture (Record no. 17127)

000 -LEADER
fixed length control field 00257nam a22001097a 4500
003 - CONTROL NUMBER IDENTIFIER
control field ASAB
005 - DATE AND TIME OF LATEST TRANSACTION
control field 20170428135000.0
008 - FIXED-LENGTH DATA ELEMENTS--GENERAL INFORMATION
fixed length control field 140526t xxu||||| |||| 00| 0 eng d
020 ## - INTERNATIONAL STANDARD BOOK NUMBER
International Standard Book Number 978-93-80179-27-8
040 ## - CATALOGING SOURCE
Transcribing agency ASAB
082 ## - DEWEY DECIMAL CLASSIFICATION NUMBER
Classification number 631
100 ## - MAIN ENTRY--PERSONAL NAME
Personal name Ramesh Umrani
9 (RLIN) 887
245 ## - TITLE STATEMENT
Title Sustainable agriculture
Statement of responsibility, etc. Ramesh Umrani, C.K. Jain.
260 ## - PUBLICATION, DISTRIBUTION, ETC.
Place of publication, distribution, etc. Jaipur
Name of publisher, distributor, etc. Oxford book company.
Date of publication, distribution, etc. 2010
300 ## - PHYSICAL DESCRIPTION
Extent 304 P
942 ## - ADDED ENTRY ELEMENTS (KOHA)
Source of classification or shelving scheme
Koha item type Book
Holdings
Withdrawn status Lost status Source of classification or shelving scheme Damaged status Not for loan Collection code Permanent Location Current Location Date acquired Total Checkouts Full call number Barcode Date last seen Date last checked out Price effective from Koha item type
            Central Library (CL) Central Library (CL) 05/26/2014 1 631 UMR ASAB2164 11/05/2025 10/22/2025 05/26/2014 Book
© 2023 Central Library, National University of Sciences and Technology. All Rights Reserved.